00476 2200157 4500245007800000250001100078700001800089700003500107100002400142650002400166005001900190260007600209041001400285084001000299336000900309 aSang Fotografer Jurnalistikb : Sayeda KhanamcHerStory FoundationhText aCet. 1 aSaria Saguaro aNi Putu Apsari Arumdani Sudewa aHerStory Foundation aBiografi Fotografer a20241001104905 aJakartabKementerian Pendidikan, Kebudayaan, Riset, dan Teknologic2021 aIndonesia a927.7 atext